| 000 | 00830nam a2200277 i 4500 | ||
|---|---|---|---|
| 001 | 000038677 | ||
| 003 | DO-SdBNP | ||
| 005 | 20230920152152.0 | ||
| 007 | ta | ||
| 008 | 130417s2000 dr 000 0 spa d | ||
| 020 | _a9993410195 | ||
| 040 |
_aDO-SdBNP _bspa _cBNPHU _erda |
||
| 082 | 4 |
_aRD863.44 _bC957L _222 |
|
| 100 | 1 |
_aCruz Diloné, Angel A. _98331 _eautor |
|
| 245 | 1 | 0 |
_aL´aijorrá y otros cuentos / _cAngel Augusto Cruz Diloné. |
| 264 |
_aSanto Domingo : _bAlfa & Omega, _c2000. |
||
| 300 |
_a99 páginas ; _c20 cm. |
||
| 336 |
_2rdacontent _atexto _btxt |
||
| 337 |
_2rdamedia _asin mediación _bn |
||
| 338 |
_2rdacarrier _avolumen _bnc |
||
| 590 | _aInventariado, 2023/MFF | ||
| 650 | 4 | _aCuentos dominicanos | |
| 650 | 4 | _aLiteratura dominicana | |
| 910 | _aValidado. Control de calidad MFF | ||
| 942 |
_2ddc _cLBS1 |
||
| 999 |
_c38167 _d38167 |
||